000
00364nam a22001697a 4500
005
20241122115224.0
008
241122b |||||||| |||| 00| 0 eng d
020
_a
9789388267908
040
_a
04
082
_a
345.06
100
_a
DR AVTAR SINGH
245
_a
THE LAW OF EVIDENCE
260
_a
CLP
300
_a
648
650
_a
EVIDENCE LAW
942
_c
02
999
_c
64631
_d
64631